| 000 | 00490nam a22001697a 4500 | ||
|---|---|---|---|
| 999 |
_c57672 _d57672 |
||
| 005 | 20200902125905.0 | ||
| 008 | 200902s2019 enk||||| |||| 00| 0 eng d | ||
| 041 | _aeng | ||
| 080 | _a614.2 M-96 | ||
| 245 | _aMURTAGH'S GENERAL PRACTICE COMPANION | ||
| 250 | _aseventh edition | ||
| 264 |
_bMc Graw hill, _c2019. |
||
| 300 |
_a505 p. _b18 cm. |
||
| 653 | _aმედიცინა | ||
| 653 | _aპრაქტიკის სახელმძღვანელო | ||
| 942 |
_2udc _cBK |
||